000 01323cam a22003377a 4500
003 CHAP
005 20220329142206.0
008 000204d1999 mx ab r 00110 spa d
010 _a79739
011 _a80711
035 _a91162
040 _cCHAP
090 _aTesis
100 0 0 _aSoria Sánchez, Graciela.
_9108760
245 1 0 _aAnálisis del mercado de miel de abeja en el municipio de Nezahualcóyotl, estado de México, con la propuesta para operar una empresa apícola en Tlaxiaco, Oaxaca
_c/por Graciela Soria Sánchez
260 _aChapingo, Méx. :
_bEl autor,
_c1999.
300 _a207 h. :
_bilus. ; mapas
502 _aTesis (Lic. en Administración de Empresas Agropecuarias) -- UACH. División de Ciencias Económico -Administrativas
590 _aALEPH
_b10
_c20130110
_lUCH01
_h1433
590 _aBATCH-UPD
_b10
_c20130110
_lUCH01
_h0753
590 _aBATCH-UPD
_b10
_c20130410
_lUCH01
_h0433
590 _aBATCH-UPD
_b10
_c20130914
_lUCH01
_h1818
590 _aCONVERSION
_b10
_c20130109
_lUCH01
_h1344
650 1 4 _aMiel de abejas
_xMercadeo.
_975567
901 _aBK
905 _aMayto Villalobos S.
942 _cFOLL
949 _bBC
_cTES
_d33724000727905
_eTS2
_fc.2
_h34303
_i91162
_si
949 _bBC
_cTES
_d33724000752176
_eTS2
_fc.3
_h35567
_i91162
_si
949 _bBC
_cTES
_d911621
_eTS1
_h34302
_i91162
_sb
999 _c79739
_d79739